Reader's digest encyclopedia of garden plants flowers (Record no. 262602)

000 -LEADER
fixed length control field 00273 a2200097 4500
001 - CONTROL NUMBER
control field 27529
090 ## - LOCALLY ASSIGNED LC-TYPE CALL NUMBER (OCLC); LOCAL CALL NUMBER (RLIN)
-- 18319
-- 18319
100 ## - MAIN ENTRY--PERSONAL NAME
Personal name Reader's digest association
245 ## - TITLE STATEMENT
Title Reader's digest encyclopedia of garden plants flowers
260 ## - PUBLICATION, DISTRIBUTION, ETC.
Place of publication, distribution, etc.
Name of publisher, distributor, etc. Reader's digest association
Date of publication, distribution, etc. 1971
942 ## - ADDED ENTRY ELEMENTS (KOHA)
Institution code [OBSOLETE] NUST-CAE
Koha item type
--
Holdings
Withdrawn status Lost status Damaged status Not for loan Collection code Permanent Location Current Location Date acquired Total Checkouts Barcode Date last seen Price effective from Koha item type
          College of Aeronautical Engineering (CAE) College of Aeronautical Engineering (CAE) 04/03/2017   CAE24128 04/05/2017 04/05/2017 Book
© 2023 Central Library, National University of Sciences and Technology. All Rights Reserved.